000 00927nam a22002177a 4500
003 OSt
005 20251007162228.0
008 240301b ||||| |||| 00| 0 eng d
040 _c0
082 _aDPer 621.317 Ie21 June 2022 v. 37 n. 6
100 _aChen, Daolian.
_eauthor.
_953911
245 _aSingle-stage multi-input buck type high-frequency link's inverters with series and simultaneous power supply /
_cDaolian Chen, Tao Zhao, Lu Han, and Zhijian Feng.
260 _aNew York ;
_bThe Institute of Electrical and Electronics Engineers, Inc. ,
_cJune 2022.
300 _aVolume 37, pages 7411-7421 :
_billustration ;
_c28 cm.
500 _aIEEE Transactions on Power Electronics, vol. 37, no. 6, pages 7411-7421, June 2022.
700 _aChen, Daolian.
_eauthor.
_953911
700 _aZhao, Tao.
_eauthor.
_953912
700 _aHan, Lu.
_eauthor.
_953913
700 _aFeng, Zhijian.
_eauthor.
_953914
942 _2ddc
_cPER
999 _c19503
_d19503